[Event "Szolnok Agora op 2nd"]
[Site "Szolnok"]
[Date "2023.07.02"]
[Round "7"]
[White "Kardos Szabo, Imre"]
[Black "Tamas, Kornel"]
[Result "0-1"]
[WhiteElo "1775"]
[BlackElo "2017"]
[PlyCount "134"]
[EventDate "2023.06.29"]
[EventType "swiss"]
[EventRounds "7"]
[EventCountry "HUN"]
[SourceTitle "EXT 2024"]
[Source "ChessBase"]
[SourceDate "2023.10.10"]
[SourceVersion "1"]
[SourceVersionDate "2023.10.10"]
[SourceQuality "1"]

1. d4 Nf6 2. d5 e6 3. c4 c5 4. Nc3 exd5 5. cxd5 d6 6. e4 g6 7. f4 Bg7 8. Nf3 0-0 9. Bd3 a6 10. a4 Bg4 11. 0-0 Nbd7 12. h3 Bxf3 13. Qxf3 Qc7 14. Re1 Rfe8 15. Be3 Rab8 16. a5 c4 17. Bc2 Nc5 18. Bd4 Nfd7 19. Qf2 b5 20. Bxg7 Kxg7 21. Qd4+ f6 22. Re2 b4 23. Nd1 c3 24. bxc3 b3 25. Bd3 b2 26. Rb1 Nb3 27. Qc4 Qxc4 28. Bxc4 Nxa5 29. Bxa6 Nc5 30. Rexb2 Nxa6 31. Ra1 Nc4 32. Re2 Nc5 33. Nf2 Re7 34. Rae1 Rb2 35. g3 Rxe2 36. Rxe2 f5 37. e5 dxe5 38. fxe5 Rxe5 39. Rxe5 Nxe5 40. Kf1 Kf7 41. Ke2 Ke7 42. Ke3 Kd6 43. Kd4 Nb3+ 44. Ke3 Kxd5 45. Kf4 Nd2 46. g4 Ne4 47. Nd1 Nd3+ 48. Ke3 Kc4 49. gxf5 gxf5 50. h4 Nxc3 51. Nb2+ Nxb2 52. Kf4 Kd5 53. Kxf5 Ne4 54. Kg4 Ke5 55. Kh5 Nf6+ 56. Kg5 h5 57. Kg6 Kf4 58. Kxf6 Kg4 59. Ke5 Kxh4 60. Kf4 Nc4 61. Kf3 Kg5 62. Kg2 h4 63. Kh3 Nd6 64. Kg2 Kg4 65. Kh2 Ne4 66. Kg2 h3+ 67. Kh2 Nf2 0-1

[Event "Szolnok op"]
[Site "Szolnok"]
[Date "2022.06.18"]
[Round "6"]
[White "Ferku, Donat"]
[Black "Kardos Szabo, Imre"]
[Result "0-1"]
[WhiteElo "1792"]
[BlackElo "1768"]
[PlyCount "86"]
[EventDate "2022.06.16"]
[EventType "swiss"]
[EventRounds "7"]
[EventCountry "HUN"]
[SourceTitle "CBM 209 Extra"]
[Source "ChessBase"]
[SourceDate "2022.09.30"]
[SourceVersion "1"]
[SourceVersionDate "2022.09.30"]
[SourceQuality "1"]

1. d4 Nf6 2. c4 c6 3. Nc3 d6 4. e4 Qc7 5. f3 g6 6. Bg5 Nbd7 7. Nh3 Bg7 8. Be2 0-0 9. 0-0 e5 10. Nf2 h6 11. Be3 Rd8 12. d5 c5 13. Qd2 Kh7 14. a3 b6 15. Nb5 Qb8 16. Nc3 Nf8 17. Bd3 g5 18. f4 gxf4 19. Bxf4 exf4 20. e5+ Ng6 21. exf6 Bxf6 22. Qxf4 Kg7 23. Bxg6 fxg6 24. Nfe4 Bd4+ 25. Kh1 Bf5 26. Rae1 Be5 27. Qf3 Rf8 28. g4 Bd7 29. Qe2 Qd8 30. Rxf8 Qxf8 31. Rf1 Qe7 32. h3 Re8 33. Qf3 a6 34. a4 Rf8 35. Qd3 Rxf1+ 36. Qxf1 Qh4 37. Kg2 h5 38. Qf3 hxg4 39. hxg4 Bxg4 40. Qe3 Qh2+ 41. Kf1 Qxb2 42. Qg5 Bh3+ 43. Kg1 Qh2# 0-1

[Event "Szolnok op"]
[Site "Szolnok"]
[Date "2022.06.18"]
[Round "5"]
[White "Kardos Szabo, Imre"]
[Black "Pasztorcsik, Janos"]
[Result "1/2-1/2"]
[WhiteElo "1768"]
[BlackElo "1884"]
[PlyCount "64"]
[EventDate "2022.06.16"]
[EventType "swiss"]
[EventRounds "7"]
[EventCountry "HUN"]
[SourceTitle "CBM 209 Extra"]
[Source "ChessBase"]
[SourceDate "2022.09.30"]
[SourceVersion "1"]
[SourceVersionDate "2022.09.30"]
[SourceQuality "1"]

1. Nf3 Nf6 2. Nc3 d5 3. e3 g6 4. d4 Bg7 5. Bd3 0-0 6. Ne2 b6 7. c3 Bb7 8. Ng3 Nbd7 9. Qe2 Ne4 10. Ba6 Qc8 11. Bxb7 Qxb7 12. Nf1 e6 13. N1d2 f5 14. Ng1 c5 15. f3 Nd6 16. Nh3 Rae8 17. 0-0 e5 18. dxc5 bxc5 19. Qd1 c4 20. b3 Nb6 21. Ba3 Rf6 22. Nf2 Rc8 23. Bb2 Kh8 24. Re1 Na4 25. Qc1 Nc5 26. bxc4 dxc4 27. Qc2 e4 28. Ba3 Nd3 29. Reb1 Qd5 30. Bxd6 Rxd6 31. fxe4 fxe4 32. Nfxe4 Re6 1/2-1/2

[Event "Szolnok op"]
[Site "Szolnok"]
[Date "2022.06.17"]
[Round "3"]
[White "Kardos Szabo, Imre"]
[Black "Teglas, Matyas"]
[Result "1-0"]
[WhiteElo "1768"]
[BlackElo "1914"]
[PlyCount "91"]
[EventDate "2022.06.16"]
[EventType "swiss"]
[EventRounds "7"]
[EventCountry "HUN"]
[SourceTitle "CBM 209 Extra"]
[Source "ChessBase"]
[SourceDate "2022.09.30"]
[SourceVersion "1"]
[SourceVersionDate "2022.09.30"]
[SourceQuality "1"]

1. Nf3 d5 2. c3 Nf6 3. g3 c6 4. Bg2 Bf5 5. d3 h6 6. Na3 e6 7. Nc2 Bc5 8. d4 Bd6 9. Ne5 Bxe5 10. dxe5 Ne4 11. f3 Nc5 12. Be3 Ncd7 13. f4 0-0 14. Nd4 Bh7 15. Qd2 Nb6 16. b3 a6 17. 0-0 c5 18. Nf3 N8d7 19. a4 Nc8 20. a5 Ne7 21. b4 Rc8 22. Bf2 Qc7 23. Rfc1 Be4 24. Qb2 Nc6 25. Qa3 Na7 26. bxc5 Nb5 27. Qb4 Nxc5 28. c4 Nd7 29. cxb5 Qxc1+ 30. Rxc1 Rxc1+ 31. Ne1 Bxg2 32. Kxg2 Rfc8 33. bxa6 bxa6 34. Qd6 Nb8 35. Nd3 R1c4 36. Ba7 Nc6 37. Bb6 Rc2 38. Kf2 Rc4 39. Nc5 Nxa5 40. Bxa5 R8xc5 41. f5 exf5 42. e6 fxe6 43. Qxe6+ Kh8 44. Bd2 d4 45. Qxa6 Rc2 46. Bf4 1-0

[Event "Bader Memorial op"]
[Site "Heves"]
[Date "2009.03.28"]
[Round "4"]
[White "Kardos Szabo, Imre"]
[Black "Zabiak, Jozsef"]
[Result "0-1"]
[WhiteElo "2004"]
[BlackElo "2175"]
[PlyCount "68"]
[EventDate "2009.03.26"]
[EventType "swiss"]
[EventRounds "7"]
[EventCountry "HUN"]
[SourceTitle "EXT 2011"]
[Source "ChessBase"]
[SourceDate "2010.11.26"]
[SourceVersion "1"]
[SourceVersionDate "2010.11.26"]
[SourceQuality "1"]

1. Nf3 f5 2. g3 d5 3. Bg2 e6 4. b3 Bd6 5. Bb2 Qe7 6. e3 e5 7. d4 e4 8. Nfd2 Nf6 9. c4 c6 10. Nc3 Be6 11. Qc2 Na6 12. a3 0-0 13. c5 Bc7 14. b4 Bd7 15. 0-0 g5 16. Qb3 Rae8 17. Rae1 Kg7 18. b5 Nb8 19. a4 f4 20. exf4 gxf4 21. Ncxe4 dxe4 22. Nxe4 Nd5 23. Ba3 Be6 24. Nd6 Bxd6 25. cxd6 Qd7 26. bxc6 bxc6 27. Qd1 Bg4 28. Bf3 Rxe1 29. Rxe1 fxg3 30. Re7+ Nxe7 31. Bxg4 gxf2+ 32. Kf1 Nf5 33. Qd3 Qe6 34. Bb4 Ne3+ 0-1

[Event "Nyiregyhaza op"]
[Site "Nyiregyhaza"]
[Date "2003.07.13"]
[Round "9"]
[White "Kardos Szabo, Imre"]
[Black "Nagy, Ferenc"]
[Result "1-0"]
[WhiteElo "2003"]
[BlackElo "2057"]
[PlyCount "95"]
[EventDate "2003.07.05"]
[EventType "swiss"]
[EventRounds "9"]
[EventCountry "HUN"]
[SourceTitle "EXT 2005"]
[Source "ChessBase"]
[SourceDate "2004.11.15"]
[SourceVersion "1"]
[SourceVersionDate "2004.11.15"]
[SourceQuality "1"]

1. b4 e5 2. a3 Ne7 3. Bb2 Ng6 4. e3 Be7 5. c4 c6 6. d4 Bf6 7. Nf3 e4 8. Nfd2 d5 9. Nc3 Be6 10. Be2 0-0 11. c5 Bh4 12. g3 Bg5 13. Bg4 Qd7 14. Bxe6 Qxe6 15. h4 Bd8 16. Qe2 b6 17. Nb3 Nd7 18. a4 Rb8 19. Ba3 Bf6 20. b5 Rfc8 21. Rc1 Be7 22. h5 Ngf8 23. h6 g6 24. Qa2 bxc5 25. dxc5 Bf6 26. Ne2 Ne5 27. Nbd4 Qg4 28. Nf4 Ne6 29. Qe2 Nxf4 30. gxf4 Nd3+ 31. Kd2 Qxe2+ 32. Nxe2 Nxc1 33. Rxc1 cxb5 34. axb5 Rxb5 35. c6 Rb3 36. Bd6 a5 37. c7 a4 38. Rc6 Bb2 39. Kc2 Rb7 40. Ra6 a3 41. Nc3 Bxc3 42. Kxc3 f5 43. Rxa3 Kf7 44. Be5 Rb6 45. Kd4 Ke6 46. Kc5 Rb1 47. Ra6+ Kf7 48. Kd6 1-0

[Event "Nyiregyhaza op"]
[Site "Nyiregyhaza"]
[Date "2003.07.07"]
[Round "3"]
[White "Revesz, Istvan"]
[Black "Kardos Szabo, Imre"]
[Result "1-0"]
[WhiteElo "2086"]
[BlackElo "2003"]
[PlyCount "120"]
[EventDate "2003.07.05"]
[EventType "swiss"]
[EventRounds "9"]
[EventCountry "HUN"]
[SourceTitle "EXT 2005"]
[Source "ChessBase"]
[SourceDate "2004.11.15"]
[SourceVersion "1"]
[SourceVersionDate "2004.11.15"]
[SourceQuality "1"]

1. d4 d5 2. c4 c6 3. cxd5 cxd5 4. Nf3 Nc6 5. Nc3 e6 6. Bf4 Bd6 7. Bxd6 Qxd6 8. e3 a6 9. Bd3 Nf6 10. Rc1 Bd7 11. 0-0 0-0 12. Re1 g6 13. h3 e5 14. dxe5 Nxe5 15. Nxe5 Qxe5 16. Be2 Bc6 17. Bf3 Ne4 18. Qd4 Qe6 19. Red1 Rad8 20. Rd3 Rd7 21. Rcd1 Rfd8 22. a3 b5 23. Qb4 f5 24. Ne2 Bb7 25. Nd4 Qf7 26. Nb3 Qf8 27. Qxf8+ Kxf8 28. Rd4 Bc8 29. Na5 Rd6 30. Rc1 Ng5 31. Nc6 Nxf3+ 32. gxf3 R8d7 33. Ne5 Rd8 34. f4 Bd7 35. Rc7 Ke7 36. Kg2 Ke6 37. Kg3 Kf6 38. h4 h6 39. Nf3 Rc8 40. Rxc8 Bxc8 41. Rd2 Be6 42. Rc2 Bd7 43. Nd4 Ke7 44. Rc7 Kd8 45. Rc5 Ke7 46. b4 h5 47. Kf3 Kd8 48. Ke2 Be8 49. Kd3 Ke7 50. Nf3 Bd7 51. Kd4 Ke6 52. Ng5+ Ke7 53. Rxd5 Rc6 54. Rc5 Rd6+ 55. Rd5 Rc6 56. Re5+ Kf6 57. Nh7+ Kf7 58. Rc5 Rd6+ 59. Ke5 Rd3 60. Rc7 Ke7 1-0

[Event "Nyiregyhaza op"]
[Site "Nyiregyhaza"]
[Date "2003.07.05"]
[Round "1"]
[White "Lukacs, Jozsef"]
[Black "Kardos Szabo, Imre"]
[Result "1/2-1/2"]
[WhiteElo "2128"]
[BlackElo "2003"]
[PlyCount "86"]
[EventDate "2003.07.05"]
[EventType "swiss"]
[EventRounds "9"]
[EventCountry "HUN"]
[SourceTitle "EXT 2005"]
[Source "ChessBase"]
[SourceDate "2004.11.15"]
[SourceVersion "1"]
[SourceVersionDate "2004.11.15"]
[SourceQuality "1"]

1. d4 Nf6 2. Nf3 d5 3. e3 Nbd7 4. Bd3 g6 5. 0-0 Bg7 6. Nbd2 0-0 7. c3 Re8 8. Ne5 Nxe5 9. dxe5 Ne4 10. f4 Nxd2 11. Bxd2 e6 12. Be1 c5 13. Rf3 c4 14. Be2 Bd7 15. h4 Bc6 16. Rh3 Bf8 17. h5 Be7 18. Qc2 Kg7 19. Rd1 Qa5 20. Qb1 b5 21. g4 Rh8 22. a3 Qc7 23. Bf3 Bc5 24. Bf2 a5 25. Kg2 Rad8 26. Bh4 Be7 27. Bxe7 Qxe7 28. Qc2 a4 29. Qd2 Rd7 30. Qd4 Rb7 31. Kf2 Rbb8 32. h6+ Kf8 33. Rhh1 Rg8 34. g5 Ke8 35. e4 dxe4 36. Bxe4 Bxe4 37. Qxe4 Qc5+ 38. Qd4 Qxd4+ 39. Rxd4 Ke7 40. Rhd1 Rgd8 41. Ke3 Rxd4 42. Rxd4 Rb6 43. Rd2 Rc6 1/2-1/2

[Event "Piremon Nyirsegi Torna op"]
[Site "Nyiregyhaza"]
[Date "2002.07.03"]
[Round "5"]
[White "Kiss, Balazs"]
[Black "Kardos Szabo, Imre"]
[Result "0-1"]
[WhiteElo "2042"]
[BlackElo "2060"]
[PlyCount "114"]
[EventDate "2002.06.29"]
[EventType "swiss"]
[EventRounds "9"]
[EventCountry "HUN"]
[SourceTitle "EXT 2004"]
[Source "ChessBase"]
[SourceDate "2003.11.25"]
[SourceVersion "1"]
[SourceVersionDate "2003.11.25"]
[SourceQuality "1"]

1. d4 e6 2. Nf3 d6 3. Bg5 Ne7 4. c4 c6 5. Nc3 Nd7 6. e4 g6 7. Bd3 Bg7 8. 0-0 0-0 9. Qd2 Re8 10. Bh6 Bh8 11. Ne2 e5 12. d5 Nc5 13. b4 Nxd3 14. Qxd3 cxd5 15. cxd5 f5 16. Nd2 Bd7 17. a3 a6 18. f3 Bf6 19. Rac1 Kh8 20. Be3 f4 21. Bf2 g5 22. g4 Ng6 23. Qc2 Bb5 24. Rfe1 Rc8 25. Qb2 Qe7 26. Nc3 Bd7 27. b5 Ra8 28. Nc4 axb5 29. Nxb5 Bxb5 30. Qxb5 Nh4 31. Bxh4 gxh4 32. Na5 h3 33. Kh1 Ra6 34. Rc3 Rea8 35. Nc4 h5 36. Rg1 Bh4 37. gxh5 Bf2 38. Rg4 Bc5 39. Qb3 Qe8 40. Qxb7 R6a7 41. Qb3 Rb8 42. Qd1 Rab7 43. Rc1 Rb3 44. h6 Qh5 45. h7 R3b7 46. a4 Rxh7 47. Rb1 Qe8 48. Rc1 Rbb7 49. a5 Rbg7 50. Rb1 Rxg4 51. fxg4 Qg8 52. Qf3 Rh4 53. Rb7 Qxg4 54. Qxg4 Rxg4 55. Rb1 f3 56. Nd2 f2 57. Nf3 Rxe4 0-1

[Event "Nyiregyhaza op"]
[Site "Nyiregyhaza"]
[Date "2001.07.10"]
[Round "4"]
[White "Kardos Szabo, Imre"]
[Black "Vasvari, Tamas"]
[Result "1/2-1/2"]
[WhiteElo "2059"]
[BlackElo "2214"]
[PlyCount "81"]
[EventDate "2001.07.07"]
[EventType "swiss"]
[EventRounds "9"]
[EventCountry "HUN"]
[SourceTitle "EXT 2008"]
[Source "ChessBase"]
[SourceDate "2007.11.25"]
[SourceVersion "1"]
[SourceVersionDate "2007.11.25"]
[SourceQuality "1"]

1. Nf3 Nf6 2. c4 c5 3. Nc3 Nc6 4. g3 g6 5. Bg2 Bg7 6. b3 0-0 7. Bb2 d6 8. Nd5 e5 9. Nc3 Nh5 10. d3 f5 11. Nd2 Qa5 12. Nd5 f4 13. Bc3 Qd8 14. Ne4 Be6 15. Nd2 Qd7 16. e4 fxe3 17. Nxe3 Bh6 18. 0-0 Rf7 19. Ne4 Raf8 20. Nc2 b6 21. Bd2 Bxd2 22. Qxd2 Bf5 23. Ng5 Rg7 24. Bd5+ Kh8 25. Ne3 Nd4 26. Nc2 Nxc2 27. Qxc2 h6 28. Ne4 Bh3 29. Qd2 g5 30. Qe2 Nf4 31. gxf4 gxf4+ 32. Ng3 fxg3 33. fxg3 Bxf1 34. Rxf1 Rxf1+ 35. Qxf1 Qe7 36. Qf5 Rg5 37. Qh3 Kg7 38. Qc8 Kf6 39. Qh8+ Qg7 40. Qd8+ Qe7 41. Qh8+ 1/2-1/2

[Event "Nyiregyhaza op"]
[Site "Nyiregyhaza"]
[Date "2001.07.09"]
[Round "3"]
[White "Karsai, Istvan"]
[Black "Kardos Szabo, Imre"]
[Result "1-0"]
[WhiteElo "2140"]
[BlackElo "2059"]
[PlyCount "77"]
[EventDate "2001.07.07"]
[EventType "swiss"]
[EventRounds "9"]
[EventCountry "HUN"]
[SourceTitle "EXT 2008"]
[Source "ChessBase"]
[SourceDate "2007.11.25"]
[SourceVersion "1"]
[SourceVersionDate "2007.11.25"]
[SourceQuality "1"]

1. e4 e5 2. Nf3 Nc6 3. Bb5 Nge7 4. d4 Nxd4 5. Nxd4 exd4 6. Qxd4 c6 7. Bc4 d5 8. exd5 Be6 9. Nc3 cxd5 10. Bb5+ Nc6 11. Qa4 Qd7 12. Bf4 Bd6 13. Bxd6 Qxd6 14. 0-0 0-0 15. Rad1 Ne7 16. Bd3 a6 17. Qh4 g6 18. Rfe1 Nc6 19. a3 Qd8 20. Qf4 Qb8 21. Qh6 Re8 22. Re3 Re7 23. Rde1 Qf8 24. Qxf8+ Kxf8 25. Na4 b5 26. Nc5 Bc8 27. Rxe7 Nxe7 28. c3 Ra7 29. a4 Rc7 30. b4 bxa4 31. Nxa4 Nc6 32. Nb6 d4 33. Nxc8 Rxc8 34. Bxa6 Rc7 35. b5 Ra7 36. Ra1 dxc3 37. bxc6 c2 38. c7 Rxc7 39. Rc1 1-0

[Event "Nyiregyhaza op"]
[Site "Nyiregyhaza"]
[Date "2001.07.08"]
[Round "2"]
[White "Kardos Szabo, Imre"]
[Black "Mihalko, Jozsef"]
[Result "0-1"]
[WhiteElo "2059"]
[BlackElo "2301"]
[PlyCount "200"]
[EventDate "2001.07.07"]
[EventType "swiss"]
[EventRounds "9"]
[EventCountry "HUN"]
[SourceTitle "EXT 2008"]
[Source "ChessBase"]
[SourceDate "2007.11.25"]
[SourceVersion "1"]
[SourceVersionDate "2007.11.25"]
[SourceQuality "1"]

1. Nf3 Nf6 2. Nc3 c5 3. d4 cxd4 4. Nxd4 d6 5. e4 a6 6. Be2 e6 7. Be3 Be7 8. Bf3 Qc7 9. Qd2 Nbd7 10. Be2 0-0 11. f4 b5 12. Bf3 Bb7 13. a3 Nc5 14. 0-0 Ncxe4 15. Nxe4 Bxe4 16. c3 Bxf3 17. Nxf3 d5 18. Ne5 Ne4 19. Qd3 Bc5 20. Rae1 Bxe3+ 21. Rxe3 f6 22. Ng4 Qc4 23. Qd1 Rad8 24. Nf2 f5 25. Rd3 Qc7 26. Rd4 a5 27. Nd3 Rb8 28. Qe1 Qa7 29. Qe3 Rb7 30. Re1 Rc8 31. Ne5 Qc5 32. Nd3 Qe7 33. g3 Rc4 34. Ne5 Rxd4 35. Qxd4 Qc7 36. Kg2 Qb6 37. Rc1 Qc7 38. Rd1 Rb8 39. Nd3 Rc8 40. Ne5 Qc5 41. Nf3 Kf7 42. Ne5+ Ke7 43. Qxc5+ Rxc5 44. Rd4 Nd6 45. Kf3 Nf7 46. Nxf7 Kxf7 47. Ke3 Ke7 48. a4 Kd6 49. Kd3 Kc6 50. b4 axb4 51. Rxb4 Kb6 52. Rb2 Ka6 53. axb5+ Rxb5 54. Ra2+ Kb7 55. Kd4 Rb6 56. Ra4 Rc6 57. Ke5 g6 58. Rb4+ Kc7 59. Rb3 Ra6 60. Rb2 Rc6 61. Ra2 Kb6 62. Rb2+ Kc5 63. Rb7 Kc4 64. Rxh7 Kxc3 65. Rh3 Kd2 66. Rh6 Ke3 67. Rxg6 d4 68. Rg8 d3 69. h4 Rc5+ 70. Kxe6 Rd5 71. Kxd5 d2 72. Rg5 d1Q+ 73. Ke5 Qd7 74. Kf6 Ke4 75. h5 Qh7 76. Ke6 Qh8 77. Kf7 Qh6 78. Ke7 Qh7+ 79. Kf6 Qh8+ 80. Kf7 Qc8 81. Kf6 Qd7 82. h6 Qh7 83. Rg6 Kf3 84. Kxf5 Qf7+ 85. Kg5 Kxg3 86. f5 Qe7+ 87. Rf6 Qh7 88. Rg6 Kf3 89. Rg7 Qh8 90. f6 Ke4 91. Re7+ Kd5 92. h7 Kd6 93. Kg6 Qc8 94. Kf7 Qc4+ 95. Kf8 Qc8+ 96. Re8 Qh3 97. Re7 Qh6+ 98. Kg8 Qg6+ 99. Kh8 Qxf6+ 100. Rg7 Qe5 0-1

[Event "Gyongyos Matra Cup"]
[Site "Gyongyos"]
[Date "2001.04.14"]
[Round "6.23"]
[White "Kardos Szabo, Imre"]
[Black "Horvath, Laszlo"]
[Result "1/2-1/2"]
[WhiteElo "2067"]
[BlackElo "1802"]
[PlyCount "118"]
[EventDate "2001.04.13"]
[EventType "swiss"]
[EventRounds "7"]
[EventCountry "HUN"]
[SourceTitle "EXT 2004"]
[Source "ChessBase"]
[SourceDate "2003.11.25"]
[SourceVersion "1"]
[SourceVersionDate "2003.11.25"]
[SourceQuality "1"]

1. e4 d5 2. exd5 Qxd5 3. Nc3 Qa5 4. d4 Nf6 5. Bd2 c6 6. Bc4 e6 7. Nf3 Qd8 8. Bg5 Be7 9. a3 Nbd7 10. Bf4 Nb6 11. Bd3 Nbd5 12. Bd2 h6 13. Ne2 c5 14. c4 Nc7 15. Bc3 Bd7 16. dxc5 Bxc5 17. b4 Be7 18. Ne5 b5 19. c5 Ncd5 20. Bb2 Qc7 21. Rc1 Bc6 22. 0-0 a6 23. Nxc6 Qxc6 24. Nd4 Qc7 25. Nf3 Rd8 26. Be5 Qc8 27. Qb3 0-0 28. Bb1 g6 29. Ba1 Nf4 30. Rfe1 N6d5 31. Re4 f5 32. Ree1 Bf6 33. Ne5 Kg7 34. g3 Nh3+ 35. Kg2 Ng5 36. h4 Nf7 37. Nxf7 Rxf7 38. Bxf6+ Rxf6 39. Qb2 Qc6 40. Kg1 Kf7 41. Ba2 h5 42. Qe5 Qc7 43. Bxd5 Qxe5 44. Rxe5 exd5 45. c6 Rfd6 46. c7 Rc8 47. f4 Rd7 48. Rc6 Rdxc7 49. Rxa6 Rc1+ 50. Kf2 R8c2+ 51. Ke3 Rc3+ 52. Kd4 Rc4+ 53. Kd3 R4c3+ 54. Kd2 R1c2+ 55. Kd1 Rc1+ 56. Ke2 R1c2+ 57. Kf1 Rc1+ 58. Kg2 R3c2+ 59. Kf3 d4 1/2-1/2

[Event "Gyongyos Matra Cup"]
[Site "Gyongyos"]
[Date "2001.04.13"]
[Round "3.16"]
[White "Remenyi, Lajos Jr"]
[Black "Kardos Szabo, Imre"]
[Result "1-0"]
[WhiteElo "1930"]
[BlackElo "1900"]
[PlyCount "89"]
[EventDate "2001.04.13"]
[EventType "swiss"]
[EventRounds "7"]
[EventCountry "HUN"]
[SourceTitle "EXT 2004"]
[Source "ChessBase"]
[SourceDate "2003.11.25"]
[SourceVersion "1"]
[SourceVersionDate "2003.11.25"]
[SourceQuality "1"]

1. e4 e6 2. d4 d5 3. Nc3 a6 4. Bd3 Nf6 5. Bg5 Be7 6. e5 Nfd7 7. Bxe7 Qxe7 8. a3 c5 9. Nf3 Nc6 10. dxc5 Qxc5 11. Qe2 Nd4 12. Nxd4 Qxd4 13. 0-0-0 Qxe5 14. Qg4 Qf6 15. Qb4 Qxf2 16. Rhe1 a5 17. Qd6 Qc5 18. Qxd5 0-0 19. Qf3 Nf6 20. g4 Qg5+ 21. Kb1 e5 22. h3 Rb8 23. Ne4 Nxe4 24. Qxe4 g6 25. Qxe5 Qxe5 26. Rxe5 Be6 27. Rxa5 Rfd8 28. Re5 b5 29. Kc1 b4 30. axb4 Rxb4 31. Re4 Rb6 32. Rde1 Ra8 33. b3 Ra1+ 34. Kb2 Ra7 35. Bc4 Bxc4 36. Rxc4 Rd6 37. Re3 Rd2 38. b4 Rd1 39. Ra3 Re7 40. b5 Ree1 41. Rb3 Rb1+ 42. Kc3 Ra1 43. b6 Ra8 44. b7 Rb8 45. Rc8+ 1-0